000 00492nab a2200145Ia 4500
003 ES-SlBCS
005 20210601145421.0
008 140529s1997 xxu||||| |||| 00| 0 spa d
041 _aspa
100 1 _aPelechano Barberá, Vicente
_98148
245 0 0 _aH. J. Eysenck o la psicología como ciencia natural
_c Vicente Pelechano Barberá
600 1 4 _aEysenck, Hans J.
_9159460
773 0 _tRevista de Psicologia General y Aplicada
_gvol. 50, nº. 4, 1997, págs. 433-445
_wRev1347
942 _cAR
999 _c724120
_d724120